00337nam a2200145Ia 4500008004100000020001800041082000800059100001800067245002600085250000600111260002400117300001000141500002400151650001600175230524s9999 xx 000 0 und d a9788184957983 bHIL aNapoleon Hill 0aYour Right to be Rich a1 aMumbaibJaicoc2016 a413p; aQuantity Number: 1 aMisalliance